kku e-library facility

Heinemann Advanced Science: Biology (Record no. 231)

MARC details
000 -LEADER
fixed length control field 00400nam a2200133 4500
005 - DATE AND TIME OF LATEST TRANSACTION
control field 20260422120741.0
008 - FIXED-LENGTH DATA ELEMENTS--GENERAL INFORMATION
fixed length control field 260422b |||||||| |||| 00| 0 eng d
020 ## - INTERNATIONAL STANDARD BOOK NUMBER
International Standard Book Number 0 435 57079 X
100 ## - MAIN ENTRY--PERSONAL NAME
Personal name Fullick Ann
245 ## - TITLE STATEMENT
Title Heinemann Advanced Science: Biology
Statement of responsibility, etc. /Ann Fullick
260 ## - PUBLICATION, DISTRIBUTION, ETC.
Place of publication, distribution, etc. Oxford;
Name of publisher, distributor, etc. Heinemann Educational Publishers Halley Court;
Date of publication, distribution, etc. 1994
300 ## - PHYSICAL DESCRIPTION
Extent vii,522p.ill;
Dimensions 26.2cm
942 ## - ADDED ENTRY ELEMENTS (KOHA)
Source of classification or shelving scheme Library of Congress Classification
Suppress in OPAC No
Koha item type Books

No items available.

©2025 All rights reserved. KKU